000 01278nam a22002297a 4500
005 20140904112720.0
010 _aENG-110725
020 _a9788132113430
_c425.00
035 _aEN-94257
037 _bDBAD/PUB
082 _a332.042
100 _aKaul, Vivek
245 _aEasy money :
_cby Vivek Kaul
_bevolution of the global financial system to the great bubble burst /
260 _aNew Delhi
_bSage Publications
_c2014
270 _aB1/ I-1 Mohan Cooperative Industrial Area,Mathura Road
_bNew Delhi
_e110044
300 _axxiii,325p.
_c22cm(pbk)
500 _a Includes bibliographical references and index.
505 _aForeword -- Introduction -- Coup de whiskey -- The Great Depression -- The men who knew too much -- Hitler falling, dollar rising -- Exorbitant privilege -- The American promise -- The man who would be king -- When a Tokyo palace was more expensive than California -- Irrational exuberance -- But a pin lies in wait for every bubble -- After the crash -- Conclusion: if we learned from experience, history wouldn’t repeat itself -- Appendix: double your money in 45 days -- Index -- Acknowledgements -- About the author.
650 _a Finance
_x History.
650 _a Economic history
942 _2ddc
_cEN
_h332.042
_mKAU
999 _c88277
_d88277